The Intellectual Property Handbook A Practical Guide for Franchise, Business, and IP Counsel /

Detalles Bibliográficos
Autor principal: Bussert, Christopher P.
Otros Autores: Sims III, James R.
Formato: eBook
Lenguaje:inglés
Publicado: Chicago: American Bar Association, 2016
Edición:Segunda Edicin̤
Materias:
Acceso en línea:Acceso restringido

MARC

LEADER 00000nam a22000007a 4500
005 20210225225730.0
007 cr|||| ||||
008 210225s2016 us |||||s|||| 00||0 eng d
020 |a 978-1-63425-605-6 
035 |a 32410 
040 |a vLex 
090 |c 11291  |d 11291 
100 1 |a Bussert, Christopher P. 
245 1 3 |a The Intellectual Property Handbook  |h [Recurso electrn̤ico] :  |b A Practical Guide for Franchise, Business, and IP Counsel /  |c Christopher P. Bussert, James R. Sims III 
250 |a Segunda Edicin̤ 
256 |a Servicio en ln̕ea 
260 |a Chicago:  |b American Bar Association,  |c 2016 
300 |a 1 recurso electrn̤ico 
506 1 |a Disponible solo en los productos indicados  |d vLex Global  |d vLex Global (Academic Edition, excluding Law Schools)  |d vLex Global (Academic Edition, Law Schools) 
650 0 4 |a Propiedad Intelectual  |z Estados Unidos 
700 1 |a Sims III, James R. 
740 0 |a vLex Libros (Servicio en ln̕ea) 
856 4 0 |u http://vlex.com/source/intellectual-property-handbook-32410  |z Acceso restringido 
942 |c BOOK 
999 0 |a Intellectual property